Quản lý thông tin nhận mail - gởi mail một cách chuyên nghiệp cho nhân viên văn phòng Outlook 2007 Tin học phổ cập cho mọi người 2007
Làm việc hiệu quả hơn với Outlook 2007,thực hiện nhanh bằng cácthao tác rê và thả;kiếmoats email;quản lý các contact,ngày tháng,tác vụ;Outlook 2007 tại văn phòng...
Sparad:
| Huvudupphovsman: | |
|---|---|
| Övriga upphovsmän: | |
| Materialtyp: | Bok |
| Språk: | Vietnamese |
| Publicerad: |
H.
Thanh niên
2007
|
| Serie: | Phiên bản mới nhất
|
| Ämnen: | |
| Taggar: |
Lägg till en tagg
Inga taggar, Lägg till första taggen!
|
| Thư viện lưu trữ: | Mạng thư viện Đại học Đà Nẵng |
|---|
| LEADER | 01428nam a2200373 4500 | ||
|---|---|---|---|
| 001 | 000009392 | ||
| 003 | 5589 | ||
| 005 | 20120302140306.0 | ||
| 008 | 111026s2007 viesd | ||
| 020 | |c 62000Đ | ||
| 041 | 0 | |a vie | |
| 082 | |a 004.6 |b HO-S | ||
| 100 | 0 | |a Hoàng Sơn | |
| 245 | 0 | |a Quản lý thông tin nhận mail - gởi mail một cách chuyên nghiệp cho nhân viên văn phòng Outlook 2007 |b Tin học phổ cập cho mọi người 2007 |c Hoàng Sơn | |
| 260 | |a H. |b Thanh niên |c 2007 | ||
| 300 | |a 334tr. |b hình vẽ |c 24 cm | ||
| 490 | |a Phiên bản mới nhất | ||
| 520 | |a Làm việc hiệu quả hơn với Outlook 2007,thực hiện nhanh bằng cácthao tác rê và thả;kiếmoats email;quản lý các contact,ngày tháng,tác vụ;Outlook 2007 tại văn phòng... | ||
| 653 | |a quản lý | ||
| 653 | |a thông tin | ||
| 653 | |a Outlook 2007 | ||
| 653 | |a mail | ||
| 700 | |a Microsoft Office | ||
| 910 | |a quỳnh |d 26/10/2011 | ||
| OWN | |a LSP | ||
| AVA | |a UDN50 |b LSP |d 004.6 HO-S |e check_holdings |t Error 5003 Not defined in file expand_doc_bib_avail. |h N |k 1 | ||
| 999 | |a From the UDN01 | ||
| AVA | |a UDN50 |b LSP |d 004.6 HO-S |e available |t Error 5001 Not defined in file expand_doc_bib_avail. |f 14 |g 0 |h N |i 0 |k 1 | ||
| TYP | |a Monograph | ||
| TYP | |a Printed language | ||
| 980 | |a Mạng thư viện Đại học Đà Nẵng | ||